Statistics for Attributes: Egyptian gods

Click here to take the quiz!

General Stats

  • This quiz has been taken 113 times
  • The average score is 9 of 14

Answer Stats

HintAnswer% Correct
Head of a jackalAnubis
95%
Head of a catBastet
81%
Head of a falconHorus
80%
A throne, the solar disc in his headRa
71%
A mummy wearing the crook and flailOsiris
69%
Horned headdress with a sun disk, cow's earsHathor
68%
Head of an ibis, a writing paletteThoth
68%
Head of a lionessSekhmet
62%
Headdress in the shape of a throne, a babyIsis
61%
Dwarf's height, large head, stumpy legsBes
56%
Blue skin, naked, arching over the earthNut
56%
Head of a crocodileSobek
53%
Head of a demonSeth
40%
An ostrich feather in her head, wingsMa'at
32%

Score Distribution

Percentile by Number Answered

Percent of People with Each Score

Your Score History

You have not taken this quiz